000 00468nam a22001937a 4500
003 MPLRDC
005 20220104143928.0
008 210129b ||||| |||| 00| 0 eng d
020 _a7-80522-558-3
082 _a719.371 LSJ
100 _a罗斯静 主编
245 _a印度旅游指南
_c
250 _a一版一刷
260 _a
_b广东省地图出版社
_c2000
300 _b
490 _a环球旅游丛书
650 _a
942 _cBK
_o719.371 LSJ
999 _c44731
_d44721